000 00421nam a2200193Ia 4500
008 101110s9999 xx 000 0 und d
041 _aENGLISH
082 _bSR10938
_a954.03
100 _aChandra Bipin
245 _aModern India
365 _b5.15
520 _aHistory
546 _aENGLISH
630 _aModern India
650 _aHistory
655 _aHistory
730 _aModern India
942 _cBOOK
999 _c805804
_d805801